[Event "Xtracon Chess Open 2017"]
[Site "Helsingor DEN"]
[Date "2017.07.28"]
[Round "8.178"]
[White "Nielsen, Leo Kresten Roland"]
[Black "Narheim, Mats"]
[Result "0-1"]
[WhiteElo "1688"]
[BlackElo "1519"]
[WhiteFideId "1426095"]
[BlackFideId "1518607"]
[EventDate "2017.07.22"]

1. e4 c5 2. Bc4 Nc6 3. Nf3 g6 4. d4 cxd4 5. Nxd4 Bg7 6. Qf3 Ne5 7. Qb3 Nf6 8.
Nd2 O-O 9. f4 Nxc4 10. Qxc4 d5 11. exd5 Nxd5 12. N2f3 Nb6 13. Qd3 Re8 14. O-O e5
15. fxe5 Bxe5 16. c3 Bf5 17. Qd1 Be4 18. Nxe5 Rxe5 19. Bf4 Re8 20. Rf2 Qd5 21.
Qf1 Nc4 22. b3 Ne5 23. Bxe5 Rxe5 24. Rd1 Rd8 25. c4 Qc5 26. b4 Qb6 27. c5 Qxb4
28. Nc6 Rxd1 29. Nxb4 Rxf1+ 30. Rxf1 a5 31. a3 axb4 32. axb4 Rd5 33. Re1 Rd4 34.
b5 Rc4 35. g4 Bd5 36. Re8+ Kg7 37. Rc8 Rb4 38. Rd8 Be6 39. c6 bxc6 40. bxc6
Rxg4+ 41. Kf2 Rc4 42. Rd6 Kf6 43. Ke3 Ke7 44. Rd2 Rxc6 45. Kf4 Rc4+ 46. Ke3 Kf6
47. Kf3 Kf5 48. Kg3 Rc3+ 49. Kg2 Ke4 50. Re2+ Re3 51. Rb2 Kd3 52. Rb4 Bh3+ 53.
Kf2 Be6 54. Ra4 Re2+ 55. Kf3 Bd5+ 56. Kg3 Rg2+ 57. Kh3 g5 58. Ra5 Kd4 59. Ra4+
Ke5 60. Ra5 h5 61. Rb5 f6 62. Rxd5+ Kxd5 63. Kxg2 Ke4 64. Kg3 f5 0-1

[Event "Xtracon Chess Open 2017"]
[Site "Helsingor DEN"]
[Date "2017.07.28"]
[Round "8.179"]
[White "Sorensen, Viggo"]
[Black "Damm, Henrik"]
[Result "1-0"]
[WhiteElo "1680"]
[BlackElo "1506"]
[WhiteFideId "1437410"]
[BlackFideId "1425013"]
[EventDate "2017.07.22"]

1. e4 c5 2. Nf3 d6 3. d4 cxd4 4. Nxd4 Nf6 5. Nc3 a6 6. Be3 g6 7. f3 Bg7 8. Qd2
b5 9. O-O-O O-O 10. g4 Bb7 11. g5 Nfd7 12. h4 Nc6 13. h5 Nxd4 14. Bxd4 Ne5 15.
Bxe5 Bxe5 16. Bd3 Bd4 17. Kb1 e5 18. Nd5 Bxd5 19. exd5 Qb6 20. hxg6 fxg6 21. Qh2
Ra7 22. Bxg6 hxg6 23. Qh8+ Kf7 24. Qf6+ Ke8 25. Qxg6+ Raf7 26. Rh7 Qc7 27. Rdh1
Qe7 28. Rxf7 Rxf7 29. Rh8+ Kd7 30. Qg8 Rf8 31. Qxf8 Qxf8 32. Rxf8 Ke7 33. Rf5 1-0

[Event "Xtracon Chess Open 2017"]
[Site "Helsingor DEN"]
[Date "2017.07.28"]
[Round "8.180"]
[White "Von Knobloch, Hanno"]
[Black "Madsen, Svend"]
[Result "0-1"]
[WhiteElo "1356"]
[BlackElo "1673"]
[WhiteFideId "12993247"]
[BlackFideId "1419846"]
[EventDate "2017.07.22"]

1. e4 e5 2. Nf3 Nc6 3. Bc4 Nf6 4. d3 Be7 5. a3 h6 6. O-O d5 7. exd5 Nxd5 8. Re1
Bg4 9. h3 Bxf3 10. Qxf3 Nf6 11. Nc3 O-O 12. Ne4 Nd4 13. Qd1 c6 14. c3 Nf5 15.
Qc2 Qc7 16. a4 a6 17. b4 Nd6 18. Bb3 Ndxe4 19. dxe4 c5 20. bxc5 Bxc5 21. Be3
Rac8 22. Bxc5 Qxc5 23. c4 b5 24. axb5 axb5 25. Ra5 Qb4 26. Raa1 bxc4 27. Ba4
Rfd8 28. Reb1 Qc5 29. Rb5 Qd4 30. Re1 c3 31. Rbb1 Qd2 32. Re2 Qxc2 33. Bxc2 Rd2
34. Rbe1 Ra8 35. Bb3 Rb8 36. Bd5 Rbb2 37. Rxd2 cxd2 38. Rd1 Nxd5 39. exd5 Rc2
40. Kh2 Kf8 41. f3 Ke7 42. g3 Kd6 43. Kg2 Kxd5 44. Kf2 e4 45. fxe4+ Kxe4 46. Ke2
Rc3 47. Rxd2 Rxg3 48. Rd7 Rxh3 49. Rxf7 Rh2+ 50. Kf1 g5 51. Re7+ Kf5 52. Ra7 Rh4
53. Ra5+ Kg6 54. Ra6+ Kh5 55. Kg2 Rf4 56. Kg3 Rf5 57. Ra4 Kg6 58. Ra6+ Rf6 59.
Ra8 h5 60. Rg8+ Kf5 61. Ra8 Re6 62. Rf8+ Ke4 63. Ra8 Rd6 64. Re8+ Kd3 65. Re5
Rg6 66. Ra5 Ke4 67. Ra4+ Kf5 68. Ra5+ Kf6 69. Ra6+ Kg7 70. Ra7+ Kh6 71. Ra8 h4+
72. Kg4 Rb6 73. Rh8+ Kg7 74. Rh5 Rb5 0-1

[Event "Xtracon Chess Open 2017"]
[Site "Helsingor DEN"]
[Date "2017.07.28"]
[Round "8.181"]
[White "Bernstein, Jonas August"]
[Black "Leonhardsen, Vebjorn Maanum"]
[Result "0-1"]
[WhiteElo "1665"]
[BlackElo "1443"]
[WhiteFideId "1532154"]
[BlackFideId "1539515"]
[EventDate "2017.07.22"]

1. d4 d5 2. c4 e6 3. Nf3 Nf6 4. Nc3 Be7 5. Bf4 a6 6. e3 b6 7. cxd5 exd5 8. Bd3
O-O 9. h3 Bb7 10. O-O Nbd7 11. Rc1 Rc8 12. a4 Ne4 13. Qe2 Nxc3 14. Rxc3 a5 15.
Bf5 g6 16. Bd3 Nf6 17. Ne5 c5 18. Bh6 c4 19. Bb1 Re8 20. Qf3 Bf8 21. Bg5 Bg7 22.
Nxc4 Ba6 23. Ne5 Rxc3 24. bxc3 Bxf1 25. Kxf1 h6 26. Bh4 g5 27. Bg3 Qe7 28. Ba2
Ne4 29. Kg1 Nxg3 30. Nc6 Qa3 31. Bxd5 Qc1+ 32. Kh2 Nf1+ 0-1

[Event "Xtracon Chess Open 2017"]
[Site "Helsingor DEN"]
[Date "2017.07.28"]
[Round "8.182"]
[White "Wahlgreen, Noah"]
[Black "Sather, Lars"]
[Result "0-1"]
[WhiteElo "1315"]
[BlackElo "1661"]
[WhiteFideId "1457349"]
[BlackFideId "1501712"]
[EventDate "2017.07.22"]

1. d4 Nf6 2. Nf3 g6 3. e3 Bg7 4. Bd3 O-O 5. O-O d6 6. c4 Nbd7 7. Nc3 Re8 8. e4
e5 9. d5 Nc5 10. b4 Nxd3 11. Qxd3 Rf8 12. Bg5 Qe8 13. Qd2 Nh5 14. Bh6 f5 15.
Bxg7 Kxg7 16. h3 fxe4 17. Nxe4 Bxh3 18. gxh3 Rxf3 19. Ng5 Qd7 20. Nxf3 Qxh3 21.
Ng5 Qg4+ 22. Kh1 Nf4 23. f3 Qxg5 24. Rg1 Qh5+ 25. Qh2 Qxf3+ 26. Rg2 Qxg2+ 27.
Qxg2 Nxg2 28. Kxg2 Rf8 29. c5 Rf4 30. a3 dxc5 31. bxc5 Rd4 32. Rb1 b6 33. cxb6
cxb6 34. Rc1 Rxd5 35. Rc7+ Kh6 36. Rxa7 Ra5 37. Re7 Rxa3 38. Rxe5 Rb3 39. Re1
Rb2+ 40. Kf3 g5 41. Kg4 Rb4+ 42. Kf5 Rf4+ 43. Ke5 Kg6 44. Rd1 Rf5+ 45. Ke4 b5
46. Rd6+ Rf6 47. Rd5 b4 48. Rb5 h5 0-1

[Event "Xtracon Chess Open 2017"]
[Site "Helsingor DEN"]
[Date "2017.07.28"]
[Round "8.183"]
[White "Vestergaard, Jorn"]
[Black "Dahl, Ian"]
[Result "1-0"]
[WhiteElo "1661"]
[BlackElo "1347"]
[WhiteFideId "1419480"]
[BlackFideId "1520210"]
[EventDate "2017.07.22"]

1. d4 d5 2. Bg5 Nd7 3. Nf3 Ngf6 4. e3 e6 5. c4 Bb4+ 6. Nc3 c5 7. cxd5 exd5 8.
dxc5 Nxc5 9. Qd4 Bxc3+ 10. Qxc3 Nce4 11. Qb4 Nxg5 12. Nxg5 Qe7 13. Bb5+ Bd7 14.
Bxd7+ Nxd7 15. Qxb7 Rb8 16. Qxd5 Qb4+ 17. Kf1 Qb5+ 18. Qxb5 Rxb5 19. Nf3 Rxb2
20. g3 Nf6 21. Kg2 Ng4 22. Rhb1 Rxb1 23. Rxb1 O-O 24. h3 Nf6 25. Rb7 Ra8 26. Ne5
a6 27. Nxf7 Nd5 28. Ne5 Nc3 29. a3 a5 30. Nc6 a4 31. Nd4 Ra5 32. Rc7 Nb1 33. Nc2
h6 34. Kf1 Kh7 35. Ke1 Rd5 36. Rc4 Rd3 37. Ke2 Rd2+ 38. Kf3 Rd3 39. Rxa4 Rc3 40.
Nd4 Nxa3 41. Ke4 Nc4 42. Ra2 g5 43. Rc2 Nd6+ 44. Kd5 Rxc2 45. Nxc2 Nf5 46. e4
Ne7+ 47. Kd6 Nc8+ 48. Ke6 Kg7 49. Nd4 Kf8 50. Nf5 1-0

[Event "Xtracon Chess Open 2017"]
[Site "Helsingor DEN"]
[Date "2017.07.28"]
[Round "8.184"]
[White "Skovgaard, Emil"]
[Black "Jacobsen, Stig Jerlow"]
[Result "1-0"]
[WhiteElo "1764"]
[BlackElo "1209"]
[WhiteFideId "1450972"]
[BlackFideId "1519816"]
[EventDate "2017.07.22"]

1. d4 d5 2. c4 c6 3. Nc3 Nf6 4. Nf3 g6 5. Bf4 Bg7 6. e3 O-O 7. Bd3 Nbd7 8. Qc2
Nh5 9. Bg3 f5 10. cxd5 cxd5 11. Nxd5 Qa5+ 12. Qc3 Qxc3+ 13. bxc3 Nxg3 14. hxg3
e6 15. Nc7 Rb8 16. Bc4 Nb6 17. Bxe6+ Bxe6 18. Nxe6 Rf6 19. Nxg7 Kxg7 20. O-O Nc4
21. Rab1 Kh6 22. Rfd1 g5 23. Rb5 a6 24. Rc5 Nb2 25. Rb1 Na4 26. Rc7 b5 27. Ne5
Re6 28. f4 Nb6 29. Kf2 Nd5 30. Rh1# 1-0

[Event "Xtracon Chess Open 2017"]
[Site "Helsingor DEN"]
[Date "2017.07.28"]
[Round "8.185"]
[White "Jacobsen, Fredrik Lytomt"]
[Black "Haugaard, Thomas"]
[Result "0-1"]
[WhiteElo "1551"]
[BlackElo "1797"]
[WhiteFideId "1519808"]
[BlackFideId "1414330"]
[EventDate "2017.07.22"]

1. d4 Nf6 2. Nc3 d5 3. Bf4 e6 4. a3 Bd6 5. Qd2 c5 6. Nb5 Bxf4 7. Qxf4 Qa5+ 8.
Nc3 cxd4 9. Qxd4 Nc6 10. Qd3 d4 11. b4 Nxb4 12. Qb5+ Qxb5 13. Nxb5 Nxc2+ 14. Kd2
Nxa1 15. Nc7+ Kd7 16. Nxa8 Ne4+ 17. Ke1 Nc2+ 18. Kd1 Nxf2+ 19. Kxc2 Nxh1 20. Nh3
Kd6 21. g3 e5 22. Bg2 Bxh3 23. Bxh3 Rxa8 24. Bg2 Nf2 25. Bxb7 Rb8 26. Bf3 e4 27.
Bg2 Kc5 28. Bf1 e3 29. Bg2 Kc4 30. Bc6 Re8 31. Bb7 Rd8 32. Ba6+ Kd5 33. Kb2 Kc5
34. a4 d3 35. exd3 Nxd3+ 36. Ka3 e2 37. h4 e1=Q 38. h5 Qc3+ 39. Ka2 Qb2# 0-1

[Event "Xtracon Chess Open 2017"]
[Site "Helsingor DEN"]
[Date "2017.07.28"]
[Round "8.186"]
[White "Stage, Mathias Juul"]
[Black "Hansen, Tommy"]
[Result "1/2-1/2"]
[WhiteElo "1544"]
[BlackElo "1785"]
[WhiteFideId "1463306"]
[BlackFideId "1511009"]
[EventDate "2017.07.22"]

1. Nf3 Nf6 2. g3 c5 3. Bg2 Nc6 4. d3 e5 5. c4 d5 6. cxd5 Nxd5 7. Nbd2 Be7 8. Nc4
f6 9. Qb3 Rb8 10. e4 Ndb4 11. Ke2 Be6 12. a3 Na6 13. Qc2 O-O 14. Be3 Nc7 15.
Ncd2 Qd6 16. Rac1 Na6 17. h4 Nd4+ 18. Bxd4 cxd4 19. h5 Rbc8 20. Qb1 Bg4 21. h6
g6 22. Bh3 Rxc1 23. Qxc1 Bxh3 24. Rxh3 Qe6 25. Qc4 Kf7 26. Qxe6+ Kxe6 27. Nb3
Rc8 28. Kd1 Nc5 29. Nxc5+ Rxc5 30. Nh4 f5 31. Nxg6 fxe4 32. dxe4 1/2-1/2

[Event "Xtracon Chess Open 2017"]
[Site "Helsingor DEN"]
[Date "2017.07.28"]
[Round "8.188"]
[White "Gardarsson, Hordur"]
[Black "Jacobsen, Caroline Beer"]
[Result "1-0"]
[WhiteElo "1710"]
[BlackElo "1538"]
[WhiteFideId "2303604"]
[BlackFideId "1510649"]
[EventDate "2017.07.22"]

1. e4 e5 2. Nc3 Nf6 3. f4 d5 4. fxe5 d4 5. exf6 dxc3 6. bxc3 Qxf6 7. Nf3 Bg4 8.
Be2 Nd7 9. O-O Qg6 10. d3 Be7 11. Rb1 Rb8 12. Ne1 Bh3 13. Kh1 Qe6 14. gxh3 Qxa2
15. Bf4 Bd6 16. Bxd6 cxd6 17. Bg4 Ne5 18. Nf3 Nc6 19. Nd4 Qa6 20. Qf3 Ne5 21.
Qg3 b6 22. Nf5 b5 23. Nxg7+ Kf8 24. Ne6+ Ke7 25. Ng5 h6 26. Nf3 h5 27. Nxe5 hxg4
28. Rxf7+ Ke8 29. Qxg4 Qc8 30. Qg7 1-0

[Event "Xtracon Chess Open 2017"]
[Site "Helsingor DEN"]
[Date "2017.07.28"]
[Round "8.189"]
[White "Jensen, Jonbert M. S."]
[Black "Madsen, Dennis"]
[Result "0-1"]
[WhiteElo "1515"]
[BlackElo "1671"]
[WhiteFideId "1435914"]
[BlackFideId "1425919"]
[EventDate "2017.07.22"]

1. d4 g6 2. c4 Bg7 3. e4 d6 4. Nc3 Nh6 5. h3 f5 6. Bxh6 Bxh6 7. exf5 Bxf5 8. g4
Be6 9. d5 Bf7 10. Nf3 O-O 11. g5 Bg7 12. Qc2 e6 13. O-O-O exd5 14. cxd5 c6 15.
Bc4 Bxc3 16. Qxc3 b5 17. Bb3 c5 18. h4 Nd7 19. Nh2 Ne5 20. f4 c4 21. Bc2 Nd3+
22. Bxd3 cxd3 23. Qxd3 Rc8+ 24. Kb1 Qd7 25. Rhg1 Qf5 26. Rgf1 Rc5 27. Qxf5 gxf5
28. Rd4 Re8 29. b4 Rc3 30. Rc1 Rh3 31. Rc2 Re1+ 32. Kb2 Rh1 33. Rdd2 Rxh4 34.
Rf2 Rd1 35. Nf1 Rd4 36. a3 Rhxf4 37. Rxf4 Rxf4 38. Ne3 Rf3 39. Rc3 Kg7 40. Ng2
Rxc3 41. Kxc3 Kg6 0-1

[Event "Xtracon Chess Open 2017"]
[Site "Helsingor DEN"]
[Date "2017.07.28"]
[Round "8.190"]
[White "Rygg, Andreas Gangstad"]
[Black "Morling, Aase"]
[Result "0-1"]
[WhiteElo "1633"]
[BlackElo "1512"]
[WhiteFideId "1527754"]
[BlackFideId "1440993"]
[EventDate "2017.07.22"]

1. e4 e5 2. Nf3 Nc6 3. d4 exd4 4. Bc4 Bb4+ 5. c3 dxc3 6. O-O Qf6 7. a3 cxb2 8.
Bg5 bxa1=Q 9. Bxf6 Nxf6 10. axb4 O-O 11. Qb3 Nd4 12. Qd3 Nxf3+ 13. gxf3 Qe5 14.
Kh1 d6 15. Qd2 Be6 16. Bd3 Nh5 17. Rg1 Nf4 18. Bc2 Rad8 19. Nc3 c6 20. Ne2 Nxe2
21. Qxe2 d5 22. Qe3 d4 23. Qd2 Qh5 24. Qf4 d3 25. Bd1 Kh8 26. Qg3 Rg8 27. f4 Qh3
28. Qg5 Qh6 29. Qg3 g6 30. f5 gxf5 31. Qe5+ Rg7 32. f4 fxe4 33. Bh5 Bd5 0-1

[Event "Xtracon Chess Open 2017"]
[Site "Helsingor DEN"]
[Date "2017.07.28"]
[Round "8.191"]
[White "Wallin, Kenneth"]
[Black "Hein, Jacob"]
[Result "1-0"]
[WhiteElo "1633"]
[BlackElo "1479"]
[WhiteFideId "1712861"]
[BlackFideId "1402870"]
[EventDate "2017.07.22"]

1. d4 d5 2. Nf3 Bg4 3. Nbd2 Nc6 4. e3 a6 5. c4 e6 6. a3 b5 7. cxb5 Na5 8. bxa6
Ne7 9. Qa4+ c6 10. b4 Nb7 11. Ne5 Bf5 12. Nxc6 Qd7 13. b5 Nc8 14. Bb2 Nb6 15.
Qd1 Nd6 16. a4 Nbc4 17. Nxc4 dxc4 18. Ne5 Qd8 19. Bc3 Ne4 20. Rc1 Nxc3 21. Rxc3
Bb4 22. Qc1 Qa5 23. Bxc4 Bxc3+ 24. Ke2 Bxd4 25. exd4 O-O 26. Qa3 Kh8 27. Rc1 Qd8
28. Nc6 Qg5 29. Kf1 Be4 30. g3 Qf5 31. Qe3 Qh3+ 32. Ke1 Bxc6 33. bxc6 Qxh2 34.
Ke2 Qh5+ 35. Qf3 Qa5 36. Qc3 Qh5+ 37. Qf3 Qa5 38. Bb5 Qb4 39. Qc3 Qe7 40. c7
Rfc8 41. Qc5 Qxc5 42. Rxc5 Ra7 43. Kd3 h5 44. Rxh5+ Kg8 45. Kc4 Rcxc7+ 46. Rc5
Re7 47. Rc6 Rec7 48. Kc5 Re7 49. Kb6 Kh7 50. Rc8 Kg6 51. Bc6 Rad7 52. Bxd7 Rxd7
53. a7 Rxd4 54. a8=Q Rb4+ 55. Ka5 Rb2 56. Qe4+ f5 57. Qxe6+ Kh7 58. Qxf5+ 1-0

[Event "Xtracon Chess Open 2017"]
[Site "Helsingor DEN"]
[Date "2017.07.28"]
[Round "8.192"]
[White "Starup, Leo"]
[Black "Erikstad, Anders"]
[Result "1/2-1/2"]
[WhiteElo "1629"]
[BlackElo "1166"]
[WhiteFideId "1422669"]
[BlackFideId "1530445"]
[EventDate "2017.07.22"]

1. e4 c5 2. Nf3 e6 3. d4 cxd4 4. Nxd4 Nc6 5. Be3 Nf6 6. Nd2 Nxd4 7. Bxd4 Bb4 8.
c3 Ba5 9. Qf3 Bb6 10. Nc4 Bxd4 11. cxd4 d5 12. exd5 exd5 13. Ne5 Qb6 14. O-O-O
O-O 15. Bd3 Re8 16. h3 Be6 17. Rhe1 Rac8+ 18. Kb1 a5 19. a4 Qb4 20. Bb5 Re7 21.
Re3 Ne4 22. Qe2 1/2-1/2

[Event "Xtracon Chess Open 2017"]
[Site "Helsingor DEN"]
[Date "2017.07.28"]
[Round "8.193"]
[White "Joa, Sander"]
[Black "Petersen, Jan"]
[Result "0-1"]
[WhiteElo "1480"]
[BlackElo "1628"]
[WhiteFideId "1523481"]
[BlackFideId "1426320"]
[EventDate "2017.07.22"]

1. e4 e6 2. Nc3 d5 3. d4 Bb4 4. exd5 exd5 5. Bd3 Nc6 6. Ne2 Nge7 7. O-O O-O 8.
a3 Bd6 9. Be3 Bg4 10. h3 Bh5 11. Qd2 f6 12. Ng3 Bg6 13. Bxg6 Nxg6 14. Nxd5 Bxg3
15. Nxf6+ Qxf6 16. fxg3 Qd6 17. Bf2 Rad8 18. Rad1 Nce7 19. b4 Nf5 20. Qc3 c6 21.
d5 cxd5 22. Bc5 Qc7 23. Rf3 Rf6 24. Rdf1 Nh6 25. h4 b6 26. h5 Rxf3 27. Qxf3 bxc5
28. hxg6 hxg6 29. Rd1 d4 30. Kh2 Qe5 31. Qd3 Qh5+ 32. Kg1 Ng4 33. Qc4+ Kh7 0-1

[Event "Xtracon Chess Open 2017"]
[Site "Helsingor DEN"]
[Date "2017.07.28"]
[Round "8.194"]
[White "Christoffersen, Micki Aron"]
[Black "Hansen, Anders2"]
[Result "1/2-1/2"]
[WhiteElo "1444"]
[BlackElo "1624"]
[WhiteFideId "1454021"]
[BlackFideId "1711237"]
[EventDate "2017.07.22"]

1. e4 c5 2. Nf3 Nc6 3. c4 Qc7 4. Nc3 e6 5. g3 a6 6. Bg2 Nf6 7. d3 d6 8. Be3 Be7
9. O-O O-O 10. a3 b6 11. Qe2 Bb7 12. Rfd1 Rad8 13. Ne1 d5 14. exd5 exd5 15. cxd5
Na5 16. Bg5 Bd6 17. Be4 Rde8 18. Bxf6 gxf6 19. Bxh7+ Kxh7 20. Qh5+ Kg7 21. Qg4+ 1/2-1/2

[Event "Xtracon Chess Open 2017"]
[Site "Helsingor DEN"]
[Date "2017.07.28"]
[Round "8.195"]
[White "Jacobsen, Jerlow Lytomt"]
[Black "Sundin, Sven-Ingvar"]
[Result "0-1"]
[WhiteElo "1415"]
[BlackElo "1607"]
[WhiteFideId "1521390"]
[BlackFideId "1724517"]
[EventDate "2017.07.22"]

1. e4 c5 2. Nf3 d6 3. d4 cxd4 4. Nxd4 Nf6 5. Nc3 a6 6. Bg5 e6 7. Bc4 Be7 8. Qd2
b5 9. Bb3 Bb7 10. f3 O-O 11. O-O-O d5 12. exd5 Nxd5 13. Bxe7 Nxe7 14. h4 Nbc6
15. Qe3 Qb6 16. Qg1 Na5 17. Nf5 Nxb3+ 18. axb3 Qc7 19. Nxe7+ Qxe7 20. h5 b4 21.
Ne4 h6 22. g4 f5 23. g5 fxe4 24. gxh6 Kh7 25. Qg6+ Kh8 26. hxg7+ Qxg7 27. Qxg7+
Kxg7 28. Rd7+ Rf7 29. h6+ Kf6 30. Rxf7+ Kxf7 31. fxe4 Bxe4 32. Rf1+ Bf5 33. h7
Kg7 34. Rh1 Bxh7 35. c3 Rc8 36. c4 Bf5 37. Kd2 Rd8+ 38. Kc1 Rd3 39. c5 Be4 40.
Re1 Bf5 41. c6 Rd8 42. Rd1 Rxd1+ 43. Kxd1 e5 44. Ke2 Kf6 45. Ke3 Ke7 46. c7 Kd7
47. c8=Q+ Kxc8 48. Kf3 Kd7 49. Ke3 Kd6 50. Kf3 Kd5 51. Ke3 Bc2 52. Kd2 Bxb3 53.
Ke3 a5 0-1

[Event "Xtracon Chess Open 2017"]
[Site "Helsingor DEN"]
[Date "2017.07.28"]
[Round "8.196"]
[White "Tryggestad, Linnea Garberg"]
[Black "Hjornevik, Oyvind"]
[Result "1-0"]
[WhiteElo "1597"]
[BlackElo "1365"]
[WhiteFideId "1518623"]
[BlackFideId "1516159"]
[EventDate "2017.07.22"]

1. d4 Nf6 2. Bg5 e6 3. e3 d5 4. Nf3 h6 5. Bh4 Be7 6. c4 c6 7. Bd3 Qb6 8. Qc2
Nbd7 9. O-O Qc7 10. Nbd2 O-O 11. a3 a5 12. Rfe1 Re8 13. Rac1 dxc4 14. Nxc4 Nb6
15. Nxb6 Qxb6 16. Ne5 Nd7 17. Bh7+ Kf8 18. Nxd7+ Bxd7 19. Bg3 Bf6 20. Bd6+ Be7
21. Be5 Bd8 22. Qe2 Bc7 23. Bxc7 Qxc7 24. Bd3 Qd6 25. Qf3 e5 26. Bc4 Be6 27.
dxe5 Qxe5 28. Bxe6 Rxe6 29. Qe2 Rd8 30. Rcd1 Red6 31. Rxd6 Rxd6 32. h3 Qd5 33.
Rf1 Rg6 34. f3 Qd7 35. Kh1 Rd6 36. Qc2 f6 37. Qc5 Qc7 38. Rd1 Ke7 39. Rxd6 Qxd6
40. Qxa5 Qd1+ 41. Kh2 Qd6+ 42. f4 g5 43. Qb4 Qxb4 44. axb4 b6 45. fxg5 hxg5 46.
Kg3 Ke6 47. b3 c5 48. bxc5 bxc5 49. Kf3 Ke5 50. g3 Kf5 51. e4+ Ke5 52. Ke3 f5
53. exf5 Kxf5 54. h4 gxh4 55. gxh4 Kg4 56. Ke4 Kxh4 57. Kd5 Kg5 58. Kxc5 Kf5 59.
Kd6 1-0

[Event "Xtracon Chess Open 2017"]
[Site "Helsingor DEN"]
[Date "2017.07.28"]
[Round "8.197"]
[White "Aasen, Joakim"]
[Black "Persson, Lars 1958"]
[Result "1/2-1/2"]
[WhiteElo "1386"]
[BlackElo "1590"]
[WhiteFideId "1539078"]
[BlackFideId "1742469"]
[EventDate "2017.07.22"]

1. c4 Nf6 2. d4 d5 3. Nc3 e6 4. Bg5 dxc4 5. e3 Be7 6. Bxc4 O-O 7. Nf3 Nbd7 8.
Bxf6 Nxf6 9. O-O a6 10. Qc2 b5 11. Bd3 Bb7 12. Ne4 g6 13. Rac1 Nd5 14. a3 Rc8
15. Nc5 Bxc5 16. Qxc5 Qd6 17. b4 Ne7 18. Qxd6 cxd6 19. Nd2 Kg7 20. Be4 d5 21.
Bd3 Rxc1 22. Rxc1 Rc8 23. Rxc8 Bxc8 24. g3 Bb7 25. Bc2 Nc8 26. a4 Nb6 27. axb5
axb5 28. Kg2 Nc4 29. Nb3 1/2-1/2

[Event "Xtracon Chess Open 2017"]
[Site "Helsingor DEN"]
[Date "2017.07.28"]
[Round "8.198"]
[White "Tonnesen, Jan Ryder"]
[Black "Gelders, Marte"]
[Result "1-0"]
[WhiteElo "1575"]
[BlackElo "1159"]
[WhiteFideId "1461869"]
[BlackFideId "255513"]
[EventDate "2017.07.22"]

1. d4 d5 2. c4 e6 3. Nc3 Nf6 4. cxd5 exd5 5. Bg5 Be7 6. Nf3 Nc6 7. e3 Be6 8. Bb5
Rb8 9. a3 O-O 10. Bxc6 bxc6 11. b4 Ne4 12. Nxe4 dxe4 13. Bxe7 Qxe7 14. Ne5 Bd5
15. Rc1 Qg5 16. O-O a6 17. Nd7 Be6 18. Nxf8 Bh3 19. g3 Bxf1 20. Qxf1 Kxf8 21.
Rxc6 a5 22. Rc5 Qd8 23. Rxa5 Ra8 24. Qb5 Qb8 25. Qxb8+ Rxb8 26. f3 Re8 27. fxe4
Rxe4 28. Re5 Rxe5 29. dxe5 Ke7 30. Kf2 Ke6 31. Ke2 Kxe5 32. Kd3 Kd6 33. Kc4 c6
34. a4 Kc7 35. e4 Kb6 36. g4 g5 37. e5 h6 38. a5+ Ka6 39. Kc5 Kb7 40. Kd6 f5 41.
a6+ Kxa6 42. gxf5 g4 43. f6 Kb5 44. f7 Kxb4 45. f8=Q c5 46. Qf4+ c4 47. Kd5 Kb3
48. Qxc4+ Kb2 49. Qd3 h5 50. Kc4 h4 51. Qc3+ Ka2 52. Qc2+ Ka1 53. Kb3 g3 54.
Qb2# 1-0

[Event "Xtracon Chess Open 2017"]
[Site "Helsingor DEN"]
[Date "2017.07.28"]
[Round "8.199"]
[White "Schouten, Ken Ronny"]
[Black "Christensen, John Christopher Hojstrup"]
[Result "0-1"]
[WhiteElo "1225"]
[BlackElo "1603"]
[WhiteFideId "1533010"]
[BlackFideId "1453947"]
[EventDate "2017.07.22"]

1. e4 c5 2. Nf3 d6 3. g3 Nc6 4. Bg2 Bg4 5. h3 Bh5 6. O-O Nf6 7. d3 e6 8. Nbd2
Be7 9. c3 O-O 10. g4 Bg6 11. Nh4 d5 12. Nxg6 hxg6 13. Re1 d4 14. c4 e5 15. Nf3
a6 16. Bg5 b5 17. b3 Rb8 18. Nd2 Ne8 19. Bxe7 Nxe7 20. Rf1 Nc6 21. f4 f6 22. f5
g5 23. Kf2 Kf7 24. Rh1 Rh8 25. Rh2 Nd6 26. Qh1 bxc4 27. h4 cxd3 28. hxg5 fxg5
29. Rxh8 Qxh8 30. Qh5+ Qxh5 31. gxh5 Na5 32. Nf3 Kf6 33. Bf1 Nxe4+ 34. Kg2 0-1

[Event "Xtracon Chess Open 2017"]
[Site "Helsingor DEN"]
[Date "2017.07.28"]
[Round "8.201"]
[White "Alisaari, Vellu"]
[Black "Skjoldager, Morten"]
[Result "0-1"]
[WhiteElo "1286"]
[BlackElo "1538"]
[WhiteFideId "509701"]
[BlackFideId "1434322"]
[EventDate "2017.07.22"]

1. c4 Nf6 2. Nc3 e6 3. a3 b6 4. e3 d5 5. d3 Be7 6. Nge2 Bb7 7. b3 O-O 8. f3 Nbd7
9. d4 Re8 10. Qc2 c5 11. e4 cxd4 12. Nxd4 dxe4 13. Nxe4 Nxe4 14. fxe4 Nf6 15.
Bb2 Bxe4 16. Bd3 Bxd3 17. Qxd3 e5 18. O-O-O exd4 19. Qxd4 Qxd4 20. Rxd4 Rad8 21.
Rxd8 Rxd8 22. Re1 Kf8 23. Kc2 Nh5 24. g4 Nf4 25. Bxg7+ Kxg7 26. Rxe7 a5 27. Rb7
Rd6 28. b4 axb4 29. axb4 Nd3 30. Kb3 Nf2 31. c5 bxc5 32. bxc5 Rc6 33. Kc4 Nxg4
34. Rb6 Rc8 35. Kd5 Nf6+ 36. Kc4 Nd7 37. Rb5 Kf6 38. Kd5 Rxc5+ 39. Rxc5 Nxc5 40.
Kxc5 Ke5 41. Kc4 Ke4 42. Kc3 Ke3 43. Kc2 Ke2 44. Kc3 Ke3 45. Kc2 f5 46. Kd1 Kf2
47. h4 f4 48. h5 Kg2 49. h6 f3 0-1

[Event "Xtracon Chess Open 2017"]
[Site "Helsingor DEN"]
[Date "2017.07.28"]
[Round "8.202"]
[White "Jensen, Hans Askov"]
[Black "Cort Maleeva Hansen, Andreas Philip"]
[Result "1-0"]
[WhiteElo "1481"]
[BlackElo "1308"]
[WhiteFideId "1419889"]
[BlackFideId "1462636"]
[EventDate "2017.07.22"]

1. e4 e6 2. d4 d5 3. Nc3 Bb4 4. e5 c5 5. a3 Bxc3+ 6. bxc3 cxd4 7. cxd4 Nc6 8.
Nf3 Nge7 9. Bd3 Qb6 10. O-O Nxd4 11. Nxd4 Qxd4 12. Bb5+ Nc6 13. Bxc6+ bxc6 14.
Qxd4 O-O 15. Bd2 Bd7 16. Rab1 Rfd8 17. Rb7 a6 18. Ba5 Bc8 19. Rxf7 Kxf7 20. Bxd8
Bd7 21. Bc7 Rc8 22. Bd6 Kg8 23. Qa7 Be8 24. Rb1 h6 25. Rb7 Bd7 26. Rxd7 Kh8 27.
Rxg7 Re8 28. Rh7+ Kg8 29. Qg7# 1-0

[Event "Xtracon Chess Open 2017"]
[Site "Helsingor DEN"]
[Date "2017.07.28"]
[Round "8.203"]
[White "Bredeli, Havard Iversen"]
[Black "Schjolin, John"]
[Result "1-0"]
[WhiteElo "1443"]
[BlackElo "1145"]
[WhiteFideId "1514440"]
[BlackFideId "1439413"]
[EventDate "2017.07.22"]

1. d4 d5 2. c4 e6 3. Nc3 Nc6 4. Nf3 Nf6 5. Bg5 Be7 6. e3 a6 7. cxd5 exd5 8. Bd3
Be6 9. O-O Ne4 10. Bxe7 Nxe7 11. Bxe4 dxe4 12. Nxe4 O-O 13. Nfg5 Bd5 14. Qc2 f5
15. Nc5 Qc8 16. e4 fxe4 17. Ncxe4 Qf5 18. Rfe1 h6 19. Nf3 Rac8 20. Qe2 Bxe4 21.
Qxe4 Qxe4 22. Rxe4 Rce8 23. Rae1 Rf7 24. Ne5 Rff8 25. Nd7 Rf7 26. Ne5 Rff8 27.
Ng6 1-0